000 00457nam a2200169 i 4500
001 28239
003 ES-MaACL
005 20240320062602.0
007 t|
008 030116s1917 sp ||||1| spa d
100 0 _aAzorín,
_d1873-1967
_924326
245 1 0 _aPáginas escogidas /
_cAzorín.
260 _aMadrid :
_b[s.n.,
_c1917] (
_fImp. de Fortanet)
300 _a401 p. :
_b1 retr. aut. ;
_c16 cm.
852 _aES-MaACL
_jB-6132
999 _c28239
_d28239